00297nam a2200121Ia 45000030006000000080041000060400015000471000030000622450045000922600009001375460012001460050017001580STCL150530s9999 xx 000 0 und d aSTCLcSTCL aEmerson; Atkinson; Editor aSelected writings of Ralph Waldo Emerson c1950 aEnglish20220125171403.0